000 02043cam a2200421 a 4500
005 20130307145918.0
006 m d
007 cr |||
008 070829s2007 enk b 001 0 eng
010 _a 2007279865
015 _aGBA681953
_2bnb
016 7 _a013562849
_2Uk
020 _a9780521869065
020 _z0521869064 (hbk.)
020 _z0511273320
020 _z0511274114
035 _a(OCoLC)71808163
_z(OCoLC)171125753
_z(OCoLC)171140743
040 _cTZ-ArACH
041 _aEng
043 _af------
050 0 0 _aJC599.A35
_bO53 2007
082 0 4 _a323.096
_222
100 1 _aOkafor, Obiora Chinedu.
_98339
245 1 4 _aAfrican human rights system, activist forces and international institutions /
_cObiora Chinedu Okafor.
260 _aCambridge :
_bCambridge University Press,
_c2007.
300 _axiv, 336 p. ;
_c24 cm.
504 _aIncludes bibliographical references and index.
650 0 _aHuman rights
_zAfrica.
_98340
856 4 2 _3Publisher description
_uhttp://www.loc.gov/catdir/enhancements/fy0726/2007279865-d.html
856 4 2 _3Contributor biographical information
_uhttp://www.loc.gov/catdir/enhancements/fy0726/2007279865-b.html
856 4 1 _3Table of contents only
_uhttp://www.loc.gov/catdir/enhancements/fy0726/2007279865-t.html
942 _2lcc
_cBOOK
999 _c499
_d499